| 000 | 02036nam a22002777a 4500 | ||
|---|---|---|---|
| 005 | 20240305165540.0 | ||
| 007 | cr|||| |||| | ||
| 008 | 191114s2019 co |||||s|||| 00||0 spa d | ||
| 020 | _a978-958-762-960-6 | ||
| 035 | _a30671 | ||
| 040 | _avLex | ||
| 090 |
_c9998 _d9998 |
||
| 100 | 1 | _aChu Rubio, Manuel | |
| 245 | 1 | 0 |
_aFinanzas Aplicadas _h[Recurso electrónico] : _bTeoría y práctica / _cManuel Chu Rubio |
| 256 | _aServicio en línea | ||
| 260 |
_aBogotá: _bEdiciones de la U, _c2019 |
||
| 300 | _a1 recurso electrónico | ||
| 500 | _aLos responsables del manejo de diversas áreas de cualquier empresa deben necesariamente tomar decisiones en función del objetivo común de creación de valor, para lo cual se necesita, entre otros aspectos, el entendimiento de la relación existente entre el riesgo que cualquier decisión genera y los niveles de rentabilidad esperados. En esta cuarta edición se han actualizado algunos conceptos y reportes financieros, que siguen mostrando de forma didáctica los principios básicos para comprender las decisiones financieras que esencialmente implican riesgo y rentabilidad. Esta obra desarrolla conceptos básicos, como los de costo de oportunidad, valor del dinero en el tiempo y análisis de diversos tópicos contables relacionados con la gestión financiera. Es, en suma, una estupenda introducción a la estructura del sistema financiero para ejecutivos y profesionales cuya labor diaria no son las finanzas. | ||
| 506 | 1 |
_aDisponible solo en los productos indicados _dvLex Global _dvLex Global (Academic Edition, excluding Law Schools) _dvLex Global (U.S. Academic Edition, Law Schools) _dvLex Global (U.S. Academic Edition, excluding Law Schools) _dvLex Global (Academic Edition, Law Schools) |
|
| 650 | 0 | 4 |
_aFinanciero _zColombia |
| 650 | 0 | 4 |
_aContabilidad _zColombia |
| 650 | 0 | 4 |
_aEconomía y negocios _zColombia |
| 740 | 0 | _avLex Libros (Servicio en línea) | |
| 856 | 4 | 0 | _uhttps://app.vlex.com/#/sources/finanzas-aplicadas-teoria-y-practica-30671 |
| 942 | _cRAA | ||
| 999 |
_c168234 _d168234 |
||